[Event "THE FAST & FURIOUS #4"]
[Site "SchemingMind.com"]
[Date "2015.06.10"]
[Round "-"]
[White "ray winteringham"]
[Black "Sully7"]
[Result "1/2-1/2"]
[WhiteCountry "ENG"]
[BlackCountry "IRL"]
[WhiteElo "1500"]
[WhiteRD "50"]
[BlackElo "1666"]
[BlackRD "66"]
[GameID "382016"]

1. e4 b6 2. g3 Bb7 3. Bg2 e5 4. d3 f5 5. Bd2 d5 6. exf5 Bc5 7. Be3 Bxe3 8. fxe3 Ne7 9. g4 Nbc6 10. Ne2 Qd6
11. Nd2 Qb4 12. b3 O-O-O 13. h3 h5 14. c3 Qa3 15. O-O hxg4 16. hxg4 Rh4 17. Nf3 Rxg4 18. Nh2 Rg5 19. Kh1 Nxf5 20. Qc1 Qxc1
21. Raxc1 Nxe3 22. Rf2 d4 23. c4 Nxg2 24. Nf3 Nb4 25. Nxg5 Nxd3 26. Rcf1 Nxf2+ 27. Rxf2 d3 28. Nc3 d2 29. Kh2 Rd3 30. Nd1 Ne3
31. Nxe3 c5 32. Nd1 e4 33. Kg1 e3 34. Re2 Kc7 35. Ne6+ Kd6 36. Nxg7 Bf3 37. Nf5+ Ke5 38. Rxe3+ Rxe3 39. Nfxe3 Bxd1 40. Nxd1 Ke4
41. Kf2 Kd3 42. a3 Kc2 43. Ke2 a5 44. Ne3+ Kc1 45. a4 Kb2 46. Kxd2 Kxb3 47. Nd5 Kxc4 48. Nxb6+ Kb4 49. Kd3=
1/2-1/2

[Event "THE FAST & FURIOUS #4"]
[Site "SchemingMind.com"]
[Date "2015.06.10"]
[Round "-"]
[White "Chessibelle"]
[Black "Sully7"]
[Result "1-0"]
[WhiteCountry "ENG"]
[BlackCountry "IRL"]
[WhiteElo "1216"]
[WhiteRD "58"]
[BlackElo "1666"]
[BlackRD "66"]
[GameID "382018"]

1. Nf3 b6 2. e3 Bb7 3. g3 e5 4. Nxe5 Bxh1 5. Nc3 Qe7 6. d4 Bb7 7. Qd3 Nf6 8. b3 Qe6 9. f4 Bb4 10. Bd2 Ba3
11. Nb5 Be4 12. Qc3 d6 13. Qxc7 O-O 14. Nxa3= Na6 15. Qc3 Rac8 16. Nac4 dxe5 17. dxe5 Ng4 18. Bh3 Bf3 19. Bf1 Nxh2 20. Be2 Qh3
21. Kd1 Bxe2+ 22. Kxe2 Qf1+ 23. Rxf1 Nxf1 24. Kxf1 b5 25. Qa5 bxc4 26. Qxa6 cxb3 27. axb3 Rxc2 28. Bb4 Rfc8 29. e6 Rc1+ 30. Kf2 fxe6
31. Qxe6+ Kh8 32. Bd2 R1c2 33. Ke2 h6 34. f5 Rd8 35. Kf3 Rcxd2 36. f6
1-0

[Event "THE FAST & FURIOUS #4"]
[Site "SchemingMind.com"]
[Date "2015.06.10"]
[Round "-"]
[White "Sully7"]
[Black "Chessibelle"]
[Result "1-0"]
[WhiteCountry "IRL"]
[BlackCountry "ENG"]
[WhiteElo "1666"]
[WhiteRD "66"]
[BlackElo "1216"]
[BlackRD "58"]
[GameID "382019"]

1. e4 e5 2. Nf3 Nc6 3. Bc4 h6 4. O-O Nf6 5. b3 Be7 6. Bb2 d6 7. d4 Bd7 8. dxe5 dxe5 9. Bxe5 Nxe4 10. Bxg7 Rh7
11. Qd5 Nd6 12. Be5 Bf5 13. Na3 Nb4 14. Qd4 Nc6 15. Qc5 Ne4 16. Qd5 Nd6 17. Bxd6 Be6 18. Bxe7 Qxe7 19. Qd3 Rg7 20. Bxe6 Qxe6
21. Rfe1
1-0

[Event "THE FAST & FURIOUS #4"]
[Site "SchemingMind.com"]
[Date "2015.06.10"]
[Round "-"]
[White "Sully7"]
[Black "Stephen Woodhouse"]
[Result "0-1"]
[WhiteCountry "IRL"]
[BlackCountry "ENG"]
[WhiteElo "1666"]
[WhiteRD "66"]
[BlackElo "1834"]
[BlackRD "49"]
[GameID "382020"]

1. e4 e6 2. d4 d5 3. e5 c5 4. Bb5+ Nc6 5. Nf3 cxd4 6. Qxd4 Qa5+ 7. Nc3 Bd7 8. Bxc6 Bxc6 9. O-O Ne7 10. b4 Qc7
11. a4 Nf5 12. Qg4 h5 13. Nb5 Bxb5
0-1

[Event "THE FAST & FURIOUS #4"]
[Site "SchemingMind.com"]
[Date "2015.06.10"]
[Round "-"]
[White "Stephen Woodhouse"]
[Black "Sully7"]
[Result "1-0"]
[WhiteCountry "ENG"]
[BlackCountry "IRL"]
[WhiteElo "1834"]
[WhiteRD "49"]
[BlackElo "1666"]
[BlackRD "66"]
[GameID "382021"]

1. e4 e5 2. Nf3 Nc6 3. d4 Nxd4 4. Nxd4 exd4 5. Qxd4 b6 6. Nc3 Bc5 7. Qxg7 Qf6 8. Qxf6 Nxf6 9. Bg5 Ng4 10. Bh4 Bb7
11. h3 Ne5 12. f4 Ng6 13. Bg3 O-O-O 14. f5 Nf8 15. O-O-O d6 16. Bh4 Re8 17. Bc4 Bxe4 18. Bf6 Rg8 19. Bxf7 Bxg2 20. Bxg8 Bxh1
21. Rxh1 Nd7 22. Be6 Be3+ 23. Kd1
1-0

[Event "THE FAST & FURIOUS #4"]
[Site "SchemingMind.com"]
[Date "2015.06.10"]
[Round "-"]
[White "Sully7"]
[Black "xarxziux"]
[Result "0-1"]
[WhiteCountry "IRL"]
[BlackCountry "IRL"]
[WhiteElo "1666"]
[WhiteRD "66"]
[BlackElo "1993"]
[BlackRD "75"]
[GameID "382022"]

1. e4 d6 2. Nf3 Nf6 3. Nc3 e5 4. Bc4 Be6 5. d3 c6 6. Bxe6 fxe6 7. Bg5 c5 8. O-O Be7 9. a4 Nc6 10. Ne2 O-O
11. c3 Nh5 12. Qb3 Bxg5 13. Qxe6+ Kh8 14. Nxg5 Qxg5 15. Qxd6 Qe7 16. Qd5 Rad8 17. Qc4 Na5 18. Qb5 Qc7 19. b4 Nb3 20. Rab1 Nd2
0-1

[Event "THE FAST & FURIOUS #4"]
[Site "SchemingMind.com"]
[Date "2015.06.10"]
[Round "-"]
[White "xarxziux"]
[Black "Sully7"]
[Result "1-0"]
[WhiteCountry "IRL"]
[BlackCountry "IRL"]
[WhiteElo "1993"]
[WhiteRD "75"]
[BlackElo "1666"]
[BlackRD "66"]
[GameID "382023"]

1. Nf3 b6 2. d4 Bb7 3. c4 e6 4. g3 Bb4+ 5. Bd2 Bxd2+ 6. Nbxd2 Nf6 7. Bg2 O-O 8. O-O d5 9. Rc1 dxc4 10. Nxc4 Nc6
11. Nfe5 Nxe5 12. Bxb7 Rb8 13. dxe5 Qxd1 14. Rfxd1 Nd5 15. Bxd5 exd5 16. Rxd5 c5 17. a4 f6 18. exf6 Rxf6 19. e4 Rbf8 20. f4 g5
21. f5 g4 22. Ne5 h5 23. Nd7
1-0

[Event "THE FAST & FURIOUS #4"]
[Site "SchemingMind.com"]
[Date "2015.06.10"]
[Round "-"]
[White "Sully7"]
[Black "Ramesh Panwar"]
[Result "0-1"]
[WhiteCountry "IRL"]
[BlackCountry "IND"]
[WhiteElo "1666"]
[WhiteRD "66"]
[BlackElo "2359"]
[BlackRD "55"]
[GameID "382024"]

1. e4 c5 2. Nc3 Nc6 3. Nf3 e5 4. Bc4 Be7 5. d3 Nf6 6. Bg5 O-O 7. Qd2 d6 8. Bh6 gxh6 9. Qxh6 Ng4 10. Qd2 Nd4
11. Nxd4 cxd4 12. Nd5 Bg5 13. Qb4 Rb8 14. f3 Ne3 15. g3 Nxc2+
0-1

[Event "THE FAST & FURIOUS #4"]
[Site "SchemingMind.com"]
[Date "2015.06.10"]
[Round "-"]
[White "Ramesh Panwar"]
[Black "Sully7"]
[Result "1-0"]
[WhiteCountry "IND"]
[BlackCountry "IRL"]
[WhiteElo "2359"]
[WhiteRD "55"]
[BlackElo "1666"]
[BlackRD "66"]
[GameID "382025"]

1. d4 d5 2. Nf3 Nf6 3. c4 c6 4. Nc3 g6 5. e3 Bg4 6. Bd2 Bg7 7. cxd5 c5 8. dxc5 Nxd5 9. Qa4+ Nd7 10. Qxg4 Nxc3
11. Bxc3 Nxc5 12. Bxg7 Qa5+ 13. b4
1-0